| 000 | 00684nam a2200193 4500 | ||
|---|---|---|---|
| 999 |
_c169121 _d169121 |
||
| 005 | 20191106145912.0 | ||
| 010 | _aENG-126836 | ||
| 020 |
_c795.00 _a9789386262714 |
||
| 035 | _aEN-110368 | ||
| 037 | _bDBAD/PUB | ||
| 082 | _a659.143 | ||
| 100 | _aPathak, Juhi P. | ||
| 245 |
_aTelevision advertising ethics and human rights / _cby Juhi P.Pathak |
||
| 260 |
_a Delhi _bShipra Publication _c2018 |
||
| 270 |
_aLF 18-19, Pankaj Central Market, I.P.Extention, Patparganj, Delhi _e110092 _k011-22235152/6152 _minfo@shiprapublication.com |
||
| 300 |
_axii;168p. _c22cm(Hb) |
||
| 500 | _aIncludes bibliographical references and index | ||
| 942 |
_2ddc _cEN _h659.143 _mPAT |
||